Statistics for Top 15 Countries with Covid-19 Deaths - 22 May 2021

Click here to take the quiz!

General Stats

  • This quiz has been taken 8 times
  • The average score is 15 of 24

Answer Stats

total
deaths
country% Correct
87,960Germany
100%
79,620Spain
100%
127,716United Kingdom
100%
603,876United States
100%
448,291Brazil
88%
108,526France
88%
299,256India
88%
221,256Mexico
88%
72,882Poland
88%
118,125Russia
88%
Belgium
75%
125,153Italy
75%
73,688Argentina
63%
84,228Colombia
50%
Bulgaria
38%
Czechia
38%
Hungary
38%
78,381Iran
38%
67,807Peru
38%
Slovenia
38%
Croatia
25%
Slovakia
25%
North Macedonia
13%
Bosnia and
Herzegovina
0%

Score Distribution

Percentile by Number Answered

Percent of People with Each Score

Your Score History

You have not taken this quiz